000 00888nam a2200265Ia 4500
003 GCL
008 140319s9999 xx 000 0 ara d
040 _aGCL /
_cGCL
082 0 4 _a347.07
_bا ت
100 1 _aاحمد كامل ابوالسعود
245 1 0 _aالتقنين المدنى والتشريعات المكملة فى ضوء احدث احكام النقض /
_cاحمد كامل ابوالسعود
260 _a[S.N] :
_bدار الفكر الجامعى ،
_c1989
300 _a391 ص
490 _aالمعرفة الذهبية
_v0
650 0 4 _aالقانون
650 0 4 _aالاحوال الشخصية
650 0 4 _aالاحكام
650 0 4 _aالحيازة
650 0 4 _aالملكية
650 0 4 _aالقانون التجارى
650 0 4 _aالايجار
650 0 4 _aالقضاء المستعجل
650 0 4 _aالتأمين
942 _2ddc
_cBK
999 _c55899
_d55899